Capital Cities - Sudden Death - Statistics

General Stats
  • This quiz has been taken 353 times
  • The average score is 10 of 17
Answers on the Grid
Answers color-coded by a green-red scale on the quiz's grid according to % correct below.
London
Lagos
Colombo
Paris
Rome
Rio De Janeiro
Sydney
Cairo
Tokyo
Milan
Istanbul
Oslo
Stockholm
Perth
Baghdad
Tehran
Mumbai
Cape Town
Johannesburg
Pretoria
Tashkent
El Salvador
Hanoi
Ho Chi Minh
La Paz
Jakarta
Budapest
Albany
Atlanta
Tbilisi
 
Answer Stats
Answer % Correct
London
98%
Paris
72%
Rome
68%
Tokyo
67%
Cairo
64%
Oslo
61%
Stockholm
61%
Tehran
57%
Baghdad
56%
Jakarta
51%
Budapest
50%
Cape Town
45%
Hanoi
45%
Tashkent
43%
Tbilisi
43%
La Paz
39%
Pretoria
38%
No matching quizzes found
Score Distribution
Percent of People with Each Score
Percentile by Number Answered
Your Score History
You have not taken this quiz